Bonded labour in Orissa: with special reference to Phulbani district (Record no. 11175)

MARC details
000 -LEADER
fixed length control field 00439nam a2200145Ia 4500
082 ## - DEWEY DECIMAL CLASSIFICATION NUMBER
Classification number TT.0007 TT.0007
100 ## - MAIN ENTRY--AUTHOR NAME
Personal name Tripathy, Surjyanarayan
245 #0 - TITLE STATEMENT
Title Bonded labour in Orissa: with special reference to Phulbani district
260 ## - PUBLICATION, DISTRIBUTION, ETC. (IMPRINT)
Year of publication 1987
Name of publisher Berhampur University
300 ## - PHYSICAL DESCRIPTION
Number of Pages 333p.
650 ## - SUBJECT ADDED ENTRY--TOPICAL TERM
Topical Term BONDED LABOUR - ORISSA - PHULBANI DISTRICT
650 ## - SUBJECT ADDED ENTRY--TOPICAL TERM
Topical Term FORCED LABOUR///BONDED LABOUR
710 ## - ADDED ENTRY--CORPORATE NAME
Corporate name or jurisdiction name as entry element Pande, Prahallad
942 ## - ADDED ENTRY ELEMENTS (KOHA)
Koha item type Thesis
Source of classification or shelving scheme Dewey Decimal Classification
Holdings
Withdrawn status Lost status Damaged status Not for loan Home library Current library Date acquired Bill Date Full call number Accession Number Price effective from Koha item type
        NASSDOC Library NASSDOC Library 08/10/2004 2004-10-22 TT.0007 TT.0007 28801 18/04/2019 Thesis